00385 a2200109 450000100060000008200120000610000560001824501430007426000260021730000100024350000220025392214 aPR 2495 aMuhammad Rehan; Prof Muhammad Babar Saeed (Advisor) aDevelopment of NDT Techniques for Adhesively Bonded Metallic Joint and Their Application to solve on Field Engineering Problemsh78 "A" EC aIslamabadbNUSTc2015 a103p. aBE Project Report